=LDR 00000nam 2200000 4500 =001 INLIS000000000005602 =005 20130612093832 =008 ***********************************Ind** =035 ##$$0010-061300000005602 =041 ##$$a Ind =082 ##$$a 220.61 =090 ##$$a 220.61, Sud m =100 ##$$a SUDARMO, R =245 ##$$a Mengertikah kita apa yang kita baca, Ungkapan-ungkapan Alkitab yang asing bagi kita, R. Soedarmo. -- =260 ##$$a 1991 $b Jakarta =300 ##$$a 40 hlm, 20 cm =650 ##$$a Alkitab-Pemahaman =850 ##$$a NBPNMAT